000 00464nam a2200181Ia 4500
008 230524s9999 xx 000 0 und d
020 _a9788126508334
082 _a657.2
_bPRA
100 _aTimothy Pratt
245 0 _aSatellite Communications
250 _a2ND
260 _aNEW DELHI
_bJohn Wiley
_c2003
300 _aXIX;523
500 _aQuantity Number: 187
650 _aElectronics
700 _a" Charles Bostian , Jeremy Allnutt,,,"
942 _cBK
999 _c32990
_d32990